Aktuální problémy cestovního ruchu na téma Evropská unie a cestovní ruch 1. mezinárodní konference
Enregistré dans:
| Collectivité auteur: | |
|---|---|
| Format: | Livre |
| Langue: | tchèque slovaque anglais allemand |
| Publié: |
Jihlava
Vysoká škola polytechnická
2006
|
| Sujets: | |
| Tags: |
Pas de tags, Soyez le premier à ajouter un tag!
|
MARC
| LEADER | 00000nlm$a2200000$$$4500 | ||
|---|---|---|---|
| 001 | 0047462 | ||
| 005 | 20251007122120.1 | ||
| 041 | 0 | |a cze | |
| 041 | 0 | |a slo | |
| 041 | 0 | |a eng | |
| 041 | 0 | |a ger | |
| 044 | |a CZ | ||
| 245 | 1 | 0 | |a Aktuální problémy cestovního ruchu na téma Evropská unie a cestovní ruch |b 1. mezinárodní konference |
| 264 | 1 | |a Jihlava |b Vysoká škola polytechnická |c 2006 | |
| 300 | |a CD-ROM | ||
| 610 | 2 | 0 | |a ruch cestovný |
| 610 | 2 | 0 | |a Česko |
| 610 | 2 | 0 | |a Európska únia |
| 110 | 2 | |a Aktuální problémy cestovního ruchu. Mezinárodní konference | |